000 02312cam a2200421 4500
001 ABS67726
008 040505n2004 000 0 eng u
035 _a(Sirsi) u126089
100 _aParpworth, N.
245 4 _aThe Anti-Social Behaviour Act 2003: the provisions relating to noise
260 _c2004
490 _aJournal of Planning and Environment Law
_vMay 2004, 541-569(19)
520 _aExamines in depth the Anti-Social Behaviour Act 2003 ss40 and 42.The Act aims to give people the powers across a range of areas to tackle of anti-social behaviour in their communities. S40 confers powers on local authority chief executives to make closure orders in respect of noisy premises causing a public nuisance. S42 concerns the control of neighbourhood noise nuisance, in particular night time domestic noise. Concludes that the provisions represent a further means by which environmental health officers can tackle noisy licensed premises and domestic property and that the making of the Noise Act 1996 non-adoptive as well as removing the mandatory duty of local authorities to investigate complaints of night time noise are sensible developments.
590 _aABS
590 _aABS
650 _aCLOSING ORDERS
650 _aPUBLIC NUISANCE
650 _aNOISE POLLUTION
650 _aREGULATORY IMPACT ASSESSMENT
650 _aENVIRONMENTAL HEALTH
650 _aR V LLOYD
650 _aATTORNEY GENERAL (EX REL GLAMORGAN CC AND ANOTHER) V PYA QUARRIES LTD
650 _aATTORNEY GENERAL OF BRITISH COLUMBIA (EX REL EATON) V HANEY SPEEDWAYS
650 _aNOISY NEIGHBOURS
650 _aANTI-SOCIAL BEHAVIOUR ACT 2003
650 _aLICENSING ACT 2003
650 _aANTI-SOCIAL BEHAVIOUR ACT 2003 S40
650 _aANTI-SOCIAL BEHAVIOUR ACT 2003 S41
650 _aANTI-SOCIAL BEHAVIOUR ACT 2003 S42
650 _aANTI-SOCIAL BEHAVIOUR ACT 2003 S47
650 _aCRIME AND DISORDER ACT 1998
650 _aNOISE ACT 1996
650 _aPOLICE REFORM ACT 2002
690 _aENVIRONMENT-ENVIRONMENTAL LAW
856 _uhttps://www.legislation.hmso.gov.uk/acts/acts2003/20030038.htm
_z View the Anti-Social Behaviour Act 2003...
856 _uhttps://www.legislation.hmso.gov.uk/acts/acts2003/20030038.htm
_z View the Anti-Social Behaviour Act 2003...
942 _n0
999 _c117285
_d117285